000 00480nam a22001697a 4500
005 20241007133810.0
008 241007b |||||||| |||| 00| 0 eng d
020 _a978-81-203-3193-8
082 _a624.1831
_bGAM-D
100 _aGambhir, M. L
245 _aDesign of Reinforced Concrete Structures /
_cM. L. Gambhir
260 _aIndia :
_bPHI Learning ;
_c2010.
300 _axv, 723 p. :
_c25 cm.
500 _aInclude Index.
650 _aCivil / Engineering
999 _c36647
_d36647